000 00647nam a2200193 i 4500
001 127790
003 ES-MaACL
005 20230906193102.0
007 t|
008 070214s1947 sp r ||||1| spa d
100 1 _aRío Cisneros, Agustín del,
_d1909-1992
_997318
245 1 0 _aEspaña, rumbo a la postguerra
_b: la paz española de Franco /
_cAgustín del Río Cisneros.
260 _aMadrid :
_bAfrodisio Aguado,
_c1947.
300 _a379 p. ;
_c24 cm.
650 4 _aNeutralidad-
_zEspaña.
_9147988
651 4 _aEspaña-
_xHistoria-
_y1939-1975, Dictadura.
_9167928
852 _aES-MaACL
_jD-7157
_bR.31638
999 _c127790
_d127790